000
00293nam a22001337a 4500
008
171019b xxu||||| |||| 00| 0 eng d
020
_a
9780132059671
041
_a
eng
080
_2
8TH
_a
338
100
_a
53
101
_a
MEN
245
_a
CHECK-IN CHECK-OUT
_c
VALLEN,G.K
942
_2
udc
_c
BK
999
_c
34891
_d
34891